000 00540nam a2200205Ia 4500
005 20240823024412.0
008 240823s9999||||xx |||||||||||||| ||und||
020 _a0-07-060501-7
041 _aENGLISH
082 _A519.2 P8
100 _aSeymour Lipschutz
245 0 _aIntroduction to Probability and Statistics
250 _a1st
260 _c2008
_b"Tata Mcgraw Hill,New "
500 _aYES
650 _aProbability and Statistiecs for Engineers
_bMathematics
700 _a Schiller John J
942 _cBK
999 _c183838
_d183838